[Event "2BLN 2324 SV Glückauf Rüdersdorf - Lü"]
[Site "?"]
[Date "2023.10.21"]
[Round "1.3"]
[White "Waldhausen Gordon, Frederick"]
[Black "Sieciechowicz, Marcin"]
[Result "1/2-1/2"]
[WhiteElo "2327"]
[BlackElo "2398"]
[PlyCount "66"]
[EventDate "2023.??.??"]

1. e4 e5 2. Nf3 Nc6 3. Bc4 Bc5 4. c3 Nf6 5. d3 O-O 6. O-O d5 7. exd5 Nxd5 8. Re1 Nb6 9. Bg5 Be7 10. Bxe7 Qxe7 11. Bb5 f6 12. d4 e4 13. Nbd2 f5 14. Bxc6 bxc6 15. Ne5 c5 16. Rc1 Nd5 17. f3 cxd4 18. fxe4 Qxe5 19. Nf3 Nxc3 20. Rxc3 Qd6 21. Qxd4 fxe4 22. Qxe4 Qb6+ 23. Qd4 Bb7 24. Qxb6 cxb6 25. Re7 Bd5 26. Rcc7 Rf7 27. Rxf7 Bxf7 28. a3 h6 29. Kf2 Bd5 30. Rd7 Bc6 31. Rc7 Bd5 32. Rd7 Bc6 33. Rc7 Bd5 1/2-1/2

[Event "2BLN 2324 SV Glückauf Rüdersdorf - Lü"]
[Site "?"]
[Date "2023.10.21"]
[Round "1.4"]
[White "Steczek, Marcin"]
[Black "Krause, Ullrich"]
[Result "1/2-1/2"]
[WhiteElo "2346"]
[BlackElo "2192"]
[PlyCount "109"]
[EventDate "2023.??.??"]

1. c4 e6 2. Nf3 d5 3. b3 Nf6 4. Bb2 Be7 5. g3 O-O 6. Bg2 b6 7. O-O Bb7 8. cxd5 exd5 9. a3 Nbd7 10. d3 Re8 11. Nbd2 Bf8 12. Re1 g6 13. Rc1 Bg7 14. Qc2 Rc8 15. h3 Nf8 16. b4 c6 17. Qa4 a6 18. Qb3 N6d7 19. Bxg7 Kxg7 20. e3 Ne6 21. a4 c5 22. Rb1 f6 23. Bf1 Qe7 24. b5 a5 25. Qb2 Qd6 26. d4 c4 27. Rec1 f5 28. Bg2 Nd8 29. Rc3 Nf7 30. Ne1 Re7 31. Rbc1 Nf6 32. Qa3 Qb4 33. Nc2 Qxa3 34. Nxa3 Nd6 35. f3 Rce8 36. Nf1 g5 37. R3c2 h6 38. Nb1 Bc8 39. Nc3 Be6 40. Re2 Bf7 41. Rce1 Bg6 42. f4 Bf7 43. Rc2 Nfe4 44. Bxe4 Nxe4 45. Nxe4 Rxe4 46. Kf2 gxf4 47. gxf4 Kf6 48. Rcc1 R4e7 49. Nd2 Bh5 50. Nb1 Rg7 51. Rg1 Reg8 52. Rxg7 Rxg7 53. Nc3 Ke6 54. Rh1 Rg8 55. Rh2 1/2-1/2

[Event "2BLN 2324 SV Glückauf Rüdersdorf - Lü"]
[Site "?"]
[Date "2023.10.21"]
[Round "1.5"]
[White "Lampe, Dirk"]
[Black "Maciejczak, Jakub"]
[Result "1/2-1/2"]
[WhiteElo "2153"]
[BlackElo "2359"]
[PlyCount "110"]
[EventDate "2023.??.??"]

1. e4 c6 2. d4 d5 3. e5 Bf5 4. Nd2 e6 5. Nb3 Nd7 6. Nf3 Ne7 7. Be2 h6 8. O-O Bh7 9. a4 Ng6 10. g3 a6 11. h4 Qc7 12. Bd2 Be7 13. h5 Ngf8 14. a5 Be4 15. Ne1 f6 16. Bd3 fxe5 17. Bxe4 dxe4 18. Qe2 Nf6 19. Bc3 exd4 20. Bxd4 e5 21. Bb6 Qc8 22. Nd2 Qf5 23. Ra4 Qxh5 24. Rxe4 Qxe2 25. Rxe2 Ng6 26. Nd3 Nd7 27. Nc4 O-O 28. Bc7 Bf6 29. b3 Rac8 30. Bd6 Rfd8 31. Rfe1 Kh7 32. Kg2 Kg8 33. Re4 Ra8 34. R1e2 Kh7 35. Bc7 Rdc8 36. Bb6 Rf8 37. Nc5 Nxc5 38. Bxc5 Rfd8 39. Bd6 Be7 40. Bc7 Rd1 41. f4 Rf8 42. f5 Nh8 43. Bxe5 Bc5 44. b4 Ba7 45. g4 Nf7 46. Bf4 Rg1+ 47. Kh3 h5 48. Ne3 hxg4+ 49. Nxg4 Bb8 50. Bxb8 Ng5+ 51. Kh2 Nf3+ 52. Kh3 Rxf5 53. Re5 Ng5+ 54. Kh2 Nf3+ 55. Kh3 Ng5+ 1/2-1/2

[Event "2BLN 2324 SV Glückauf Rüdersdorf - Lü"]
[Site "?"]
[Date "2023.10.21"]
[Round "1.6"]
[White "Dudzinski, Piotr"]
[Black "Bosselmann, Tom Linus"]
[Result "1/2-1/2"]
[WhiteElo "2342"]
[BlackElo "2141"]
[PlyCount "74"]
[EventDate "2023.??.??"]

1. e4 c5 2. c3 Nf6 3. e5 Nd5 4. d4 cxd4 5. cxd4 d6 6. Nf3 Nc6 7. exd6 e6 8. Bd3 Bxd6 9. O-O O-O 10. Re1 Re8 11. Nbd2 Nf6 12. Ne4 h6 13. Nxd6 Qxd6 14. Be3 Nb4 15. Be2 b6 16. Ne5 Bb7 17. a3 Nbd5 18. Rc1 Red8 19. Bf3 Nxe3 20. fxe3 Bxf3 21. Qxf3 Rdc8 22. Qb7 Qf8 23. Rf1 Rcb8 24. Qa6 Rc8 25. h3 Qe8 26. b4 Nd5 27. Rxc8 Qxc8 28. Qxc8+ Rxc8 29. Rxf7 a5 30. bxa5 bxa5 31. Ra7 Nxe3 32. Kf2 Nc2 33. Rxa5 Nxd4 34. g4 Nc6 35. Rc5 Rf8+ 36. Kg2 Nxe5 37. Rxe5 Ra8 1/2-1/2

[Event "2BLN 2324 SV Glückauf Rüdersdorf - Lü"]
[Site "?"]
[Date "2023.10.21"]
[Round "1.7"]
[White "Malinowsky, Levi"]
[Black "Szadkowski, Kamil"]
[Result "1-0"]
[WhiteElo "2151"]
[BlackElo "2280"]
[PlyCount "37"]
[EventDate "2023.??.??"]

1. e4 c5 2. Nf3 d6 3. d4 cxd4 4. Nxd4 Nf6 5. Nc3 a6 6. Bg5 e6 7. f4 h6 8. Bh4 Qb6 9. Qd2 Qxb2 10. Rb1 Qa3 11. e5 dxe5 12. fxe5 g5 13. exf6 gxh4 14. Be2 Bc5 15. Ne4 Nd7 16. Rb3 Qa4 17. Nxc5 Nxc5 18. Nb5 Bd7 19. Qd6 1-0

[Event "2BLN 2324 SV Glückauf Rüdersdorf - Lü"]
[Site "?"]
[Date "2023.10.21"]
[Round "1.8"]
[White "Sroczynski, Maciej"]
[Black "Ehrke, Michael"]
[Result "1/2-1/2"]
[WhiteElo "2271"]
[BlackElo "2156"]
[PlyCount "52"]
[EventDate "2023.??.??"]

1. Nf3 d5 2. g3 Nf6 3. Bg2 Bf5 4. O-O e6 5. d3 h6 6. Nbd2 Be7 7. Qe1 O-O 8. e4 Bh7 9. Qe2 c5 10. b3 Nc6 11. Bb2 b5 12. Ne5 Rc8 13. Nxc6 Rxc6 14. a4 a6 15. axb5 axb5 16. f4 c4 17. exd5 cxd3 18. cxd3 Rc2 19. Be5 Nxd5 20. Rfc1 Qc8 21. Bb2 Nf6 22. Qd1 Bxd3 23. Rxc2 Bxc2 24. Qe2 Bg6 25. Nf3 b4 26. Ne5 Qc5+ 1/2-1/2

[Event "2BLN 2324 SG AE Magdeburg - HSK Lister T"]
[Site "?"]
[Date "2023.10.22"]
[Round "2.1"]
[White "von Mettenheim, Johannes"]
[Black "Biastoch, Bennet"]
[Result "1-0"]
[WhiteElo "2275"]
[BlackElo "2274"]
[PlyCount "101"]
[EventDate "2023.??.??"]

1. d4 Nf6 2. c4 e6 3. g3 d5 4. Bg2 dxc4 5. Qa4+ Nbd7 6. Qxc4 c6 7. Nf3 e5 8. dxe5 Nxe5 9. Nxe5 Qa5+ 10. Nc3 Qxe5 11. Bxc6+ Nd7 12. Bf4 Qc5 13. Qe4+ Be7 14. Bxb7 Bxb7 15. Qxb7 Nb6 16. O-O Qc8 17. Qe4 Qc4 18. Qxc4 Nxc4 19. Nd5 Bd8 20. Rac1 Nb6 21. Nc7+ Bxc7 22. Bxc7 Ke7 23. Rfd1 Rac8 24. Bxb6 axb6 25. Rxc8 Rxc8 26. Rd5 g6 27. a4 Rc4 28. Rb5 Rxa4 29. Rxb6 h5 30. b4 Ra2 31. e3 Rb2 32. Kg2 f6 33. h4 Kf7 34. Rb7+ Ke6 35. Rg7 Rxb4 36. Rxg6 Rb5 37. Rg7 Kf5 38. Kf3 Rb2 39. e4+ Ke6 40. e5 Kxe5 41. Rh7 Rb3+ 42. Kg2 Kf5 43. Rxh5+ Kg6 44. Rc5 Ra3 45. g4 Rb3 46. f3 Ra3 47. Kg3 Rb3 48. Rc6 Rb4 49. g5 Kh5 50. Rxf6 Rb6 51. Rf8 1-0

[Event "2BLN 2324 SG AE Magdeburg - HSK Lister T"]
[Site "?"]
[Date "2023.10.22"]
[Round "2.2"]
[White "Malek, Daniel"]
[Black "Hampel, Felix"]
[Result "1-0"]
[WhiteElo "2304"]
[BlackElo "2308"]
[PlyCount "111"]
[EventDate "2023.??.??"]

1. c4 Nf6 2. Nc3 g6 3. e4 d6 4. d4 Bg7 5. Be2 O-O 6. Be3 e5 7. d5 Na6 8. g4 Nd7 9. h4 f5 10. h5 f4 11. Bd2 c5 12. a3 Nc7 13. b4 a6 14. Kf1 Bf6 15. Nf3 Rf7 16. Rb1 Rg7 17. Ne1 Bh4 18. hxg6 Rxg6 19. Nd3 Qg5 20. bxc5 dxc5 21. Ne1 Qe7 22. Rb3 Ne8 23. a4 Nd6 24. a5 Bg5 25. f3 Nf6 26. Ng2 h5 27. gxh5 Rh6 28. Kf2 Bd7 29. Bd3 Nxh5 30. Qg1 Ng3 31. Rxh6 Bxh6 32. Ke1 Rc8 33. Kd1 Qg5 34. Rb6 Bf8 35. Ne1 Ngxe4 36. Qxg5+ Nxg5 37. Bc1 Be7 38. Ba3 Kf8 39. Ke2 Ngf7 40. Ne4 Nxe4 41. Bxe4 Nd6 42. Bd3 Rc7 43. Bb2 Nf7 44. Bg6 Bd8 45. Bxf7 Kxf7 46. Bxe5 Rc8 47. Rxb7 Ke8 48. Nd3 Bxa5 49. Nxf4 Bd8 50. Nh5 Be7 51. Ra7 Ba4 52. Ng7+ Kf8 53. Rxa6 Bd7 54. Ra7 Bh3 55. f4 Rd8 56. Ne6+ 1-0

[Event "2BLN 2324 SG AE Magdeburg - HSK Lister T"]
[Site "?"]
[Date "2023.10.22"]
[Round "2.3"]
[White "Voege, Tobias"]
[Black "Andre, Gordon"]
[Result "1-0"]
[WhiteElo "2277"]
[BlackElo "2336"]
[PlyCount "89"]
[EventDate "2023.??.??"]

1. d4 d5 2. c4 e6 3. Nc3 Nf6 4. Nf3 Be7 5. Bg5 O-O 6. cxd5 exd5 7. e3 c6 8. Bd3 Nbd7 9. Qc2 Re8 10. O-O h6 11. Bf4 Nh5 12. Nxd5 Nxf4 13. Nxf4 Bd6 14. Ne2 Nf6 15. Ng3 Bg4 16. Nd2 Nd5 17. Bh7+ Kf8 18. Bf5 Bxf5 19. Qxf5 Bc7 20. Rad1 Re6 21. Nde4 Rg6 22. Nc5 Qe7 23. e4 Nf4 24. e5 Nd5 25. Rd3 Kg8 26. a3 b6 27. Nce4 Qh4 28. Rf3 Rf8 29. Qh5 Qxh5 30. Nxh5 Rd8 31. Rd1 Rg4 32. Nhg3 Rf4 33. Rfd3 Ne7 34. f3 Rh4 35. Ne2 b5 36. g3 Rh5 37. Kg2 Bb6 38. g4 Rh4 39. Kg3 g5 40. Nf6+ Kg7 41. f4 Nd5 42. Nxd5 cxd5 43. h3 Rc8 44. Rc3 Rh8 45. Ng1 1-0

[Event "2BLN 2324 SG AE Magdeburg - HSK Lister T"]
[Site "?"]
[Date "2023.10.22"]
[Round "2.4"]
[White "Paul, Johannes"]
[Black "Gentemann, Moritz"]
[Result "1-0"]
[WhiteElo "2331"]
[BlackElo "2261"]
[PlyCount "71"]
[EventDate "2023.??.??"]

1. d4 Nf6 2. c4 e6 3. Nc3 d5 4. cxd5 exd5 5. Bg5 c6 6. e3 h6 7. Bh4 Be7 8. Bd3 O-O 9. Nge2 Re8 10. O-O a5 11. f3 Nbd7 12. a4 b6 13. Bf2 Bb7 14. g4 Nf8 15. Ng3 Ne6 16. Nce2 Bf8 17. Kg2 Qd7 18. h4 c5 19. Nf4 Nxf4+ 20. exf4 c4 21. Bc2 Bc8 22. Rh1 Qc7 23. g5 Nh7 24. Qb1 g6 25. f5 hxg5 26. fxg6 fxg6 27. Bxg6 Re6 28. Nh5 gxh4 29. Rxh4 Ng5 30. Rg4 Bh6 31. Bf5 Kf8 32. Bxe6 Bxe6 33. Qg6 Bxg4 34. Qxh6+ Ke8 35. Qxg5 Be6 36. Re1 1-0

[Event "2BLN 2324 SG AE Magdeburg - HSK Lister T"]
[Site "?"]
[Date "2023.10.22"]
[Round "2.5"]
[White "Hoerstmann, Martin"]
[Black "Melamed, Tatjana"]
[Result "0-1"]
[WhiteElo "2211"]
[BlackElo "2334"]
[PlyCount "98"]
[EventDate "2023.??.??"]

1. Nf3 Nf6 2. c4 e6 3. g3 d5 4. Bg2 dxc4 5. O-O Be7 6. Na3 Bxa3 7. bxa3 O-O 8. Qc2 Nc6 9. Bb2 Re8 10. Qxc4 e5 11. Ng5 Qe7 12. Rfc1 h6 13. Ne4 Nd4 14. e3 Be6 15. Qd3 Nc6 16. Nxf6+ Qxf6 17. Qb5 Rab8 18. Bc3 Bg4 19. f3 Bd7 20. Rab1 Qd6 21. Qb2 Bf5 22. Ra1 Bd3 23. f4 f6 24. Qb3+ Kh8 25. Qd5 Rbd8 26. Qxd6 Rxd6 27. Kf2 e4 28. g4 Kg8 29. a4 b6 30. a3 Ne7 31. a5 c5 32. Ra2 b5 33. g5 hxg5 34. fxg5 fxg5 35. Bh3 Nd5 36. Kg3 Nxc3 37. Rxc3 c4 38. Rc1 Rf8 39. Rb2 Rf3+ 40. Kg2 Rdf6 41. Rxb5 Bf1+ 42. Rxf1 Rxf1 43. Be6+ Kh7 44. Bxc4 R6f2+ 45. Kg3 Rf3+ 46. Kg2 R1f2+ 47. Kg1 Rxd2 48. Rxg5 Rxe3 49. Kf1 Rc3 0-1

[Event "2BLN 2324 SG AE Magdeburg - HSK Lister T"]
[Site "?"]
[Date "2023.10.22"]
[Round "2.6"]
[White "Woellermann, Jan"]
[Black "Antonov, Alexander"]
[Result "1-0"]
[WhiteElo "2355"]
[BlackElo "2236"]
[PlyCount "103"]
[EventDate "2023.??.??"]

1. d4 d5 2. c4 dxc4 3. Nf3 Nf6 4. e3 e6 5. Bxc4 c5 6. O-O a6 7. Bb3 b5 8. a4 b4 9. Qe2 Nc6 10. Rd1 cxd4 11. Nxd4 Nxd4 12. Rxd4 Qa5 13. Qf3 Ra7 14. Nd2 Bc5 15. Rh4 Be7 16. Qg3 Rc7 17. Nc4 Qc5 18. e4 g5 19. Bxg5 Rg8 20. e5 Bb7 21. exf6 Rxg5 22. Rg4 Rxg4 23. Qxg4 Bxf6 24. Rd1 Bd5 25. Qg8+ Ke7 26. Ne3 Bd4 27. Nxd5+ exd5 28. Re1+ Kd6 29. Qg3+ Kc6 30. Qf4 Kb6 31. Rd1 Bxb2 32. Bxd5 Rd7 33. Qe4 Bd4 34. Qxd4 Qxd4 35. Rxd4 Kc5 36. Rc4+ Kxd5 37. Rxb4 Kc5 38. Rb1 Rd4 39. g3 Rxa4 40. Rb7 f6 41. Rxh7 Rd4 42. h4 a5 43. Ra7 Kb6 44. Rf7 Rd6 45. h5 a4 46. h6 a3 47. h7 a2 48. h8=Q a1=Q+ 49. Kg2 Qd4 50. Qb8+ Kc5 51. Rc7+ Kd5 52. Qg8+ 1-0

[Event "2BLN 2324 SG AE Magdeburg - HSK Lister T"]
[Site "?"]
[Date "2023.10.22"]
[Round "2.7"]
[White "Hoerstmann, Rudi"]
[Black "Schoene, Maria"]
[Result "1-0"]
[WhiteElo "2198"]
[BlackElo "2179"]
[PlyCount "76"]
[EventDate "2023.??.??"]

1. d4 Nf6 2. c4 g6 3. Nc3 Bg7 4. e4 d6 5. Nf3 O-O 6. Be2 e5 7. Be3 Ng4 8. Bg5 f6 9. Bh4 Nc6 10. d5 Ne7 11. Nd2 Nh6 12. f3 c5 13. dxc6 bxc6 14. b4 Be6 15. Bf2 d5 16. Nb3 d4 17. Na4 f5 18. Nac5 Bc8 19. O-O g5 20. Rb1 Ng6 21. Nd3 Nf4 22. Nxf4 gxf4 23. b5 Qg5 24. Kh1 Rf6 25. g3 fxe4 26. gxf4 Rxf4 27. fxe4 Ng4 28. Bg1 cxb5 29. cxb5 Nf6 30. Nc5 Bh3 31. Qb3+ Kh8 32. Qxh3 Rh4 33. Qg2 Qh6 34. Bf2 Rh3 35. Bg3 Rg8 36. Bxe5 Nd7 37. Bg4 Qh4 38. Nxd7 Bf6 1-0

[Event "2BLN 2324 SG AE Magdeburg - HSK Lister T"]
[Site "?"]
[Date "2023.10.22"]
[Round "2.8"]
[White "Merkert, Maximilian"]
[Black "Yaghy, Ritta."]
[Result "1-0"]
[WhiteElo "2203"]
[BlackElo "1996"]
[PlyCount "103"]
[EventDate "2023.??.??"]

1. c4 e6 2. g3 d5 3. Bg2 Nf6 4. Nf3 c5 5. O-O Nc6 6. b3 d4 7. e3 Be7 8. exd4 cxd4 9. Re1 O-O 10. d3 Re8 11. a3 a5 12. Bb2 Bc5 13. Ne5 Nxe5 14. Rxe5 Bd6 15. f4 Bxe5 16. fxe5 Nd7 17. Bxd4 Nb6 18. Qg4 Nd7 19. Nd2 f5 20. Qe2 Nf8 21. Qe3 Ng6 22. Rd1 Rf8 23. Nf3 f4 24. Qe4 Bd7 25. Bc5 Bc6 26. Qe2 Re8 27. d4 b6 28. Bd6 Ra7 29. Qd3 Ba8 30. d5 fxg3 31. hxg3 Kh8 32. Qd4 Rd7 33. Qg4 exd5 34. cxd5 Rxd6 35. exd6 Qxd6 36. Ng5 Kg8 37. Qh5 h6 38. Ne4 Re5 39. Qg4 h5 40. Nxd6 hxg4 41. Nc4 Re2 42. Nxb6 Bb7 43. Nc4 a4 44. bxa4 Kf8 45. Rd2 Rxd2 46. Nxd2 Ne5 47. Kf2 Bc8 48. Ke3 Ke7 49. Kd4 Nd7 50. Ne4 Nb6 51. a5 Nd7 52. Bf1 1-0

[Event "2BLN 2324 SK Zehlendorf - Hamburger SK I"]
[Site "?"]
[Date "2023.10.22"]
[Round "2.1"]
[White "Lubbe, Nikolas"]
[Black "Baskin, Robert"]
[Result "0-1"]
[WhiteElo "2508"]
[BlackElo "2451"]
[PlyCount "146"]
[EventDate "2023.??.??"]

1. d4 d5 2. Nf3 Nf6 3. c4 c6 4. e3 Bf5 5. Nc3 e6 6. Nh4 Be4 7. f3 Bg6 8. Qb3 Qc7 9. Bd2 Be7 10. cxd5 Nxd5 11. Nxg6 hxg6 12. O-O-O Nxc3 13. Bxc3 a5 14. f4 a4 15. Qc2 a3 16. b3 Na6 17. Bxa6 Rxa6 18. g3 Kd7 19. Rd3 Kc8 20. b4 Rh5 21. Kd2 Rb5 22. Rb1 Qd8 23. Kc1 Qd5 24. Be1 Rab6 25. Rdb3 Qh1 26. Qd2 Ra6 27. Kc2 g5 28. Kd3 g4 29. Qe2 f5 30. e4 Qxe4+ 31. Qxe4 fxe4+ 32. Kxe4 Rh5 33. Rd1 Rxh2 34. Rd2 Rh1 35. Re2 Bf6 36. Rbe3 Kd7 37. Kd3 Rb6 38. Kc4 Rb5 39. Rxe6 Rd5 40. R6e4 Rf1 41. Bc3 b5+ 42. Kd3 Rh5 43. R4e3 Kd6 44. Ke4 Rh8 45. Kf5 Kd5 46. Kxg4 Rd1 47. Bd2 Ra8 48. f5 Bxd4 49. Re6 c5 50. bxc5 Kxc5 51. Bf4 b4 52. Rc2+ Kb5 53. Re7 Ra6 54. Rb7+ Rb6 55. Rd7 Rc6 56. Rd5+ Kb6 57. Re2 Rc5 58. Rd8 Kb5 59. Re7 Kc4 60. Red7 Rd3 61. Bd6 Rd5 62. Rc7+ Kb5 63. Rb7+ Bb6 64. Bc7 Rxd8 65. Rxb6+ Kc5 66. Bxd8 Rxd8 67. Rb7 Rd2 68. Rxg7 Rxa2 69. f6 Rf2 70. Rc7+ Kd6 71. Rb7 a2 72. Ra7 b3 73. Kg5 Rf1 0-1

[Event "2BLN 2324 SK Zehlendorf - Hamburger SK I"]
[Site "?"]
[Date "2023.10.22"]
[Round "2.2"]
[White "Lagunow, Raphael"]
[Black "Peyrer, Konstantin"]
[Result "1/2-1/2"]
[WhiteElo "2425"]
[BlackElo "2442"]
[PlyCount "85"]
[EventDate "2023.??.??"]

1. e4 c6 2. Nc3 d5 3. Nf3 dxe4 4. Nxe4 Nf6 5. Qe2 Na6 6. d3 Nxe4 7. dxe4 e5 8. Qd2 Qxd2+ 9. Bxd2 f6 10. Bxa6 bxa6 11. O-O-O Bc5 12. Be3 Bxe3+ 13. fxe3 Rb8 14. Rd3 Rb6 15. Rc3 Be6 16. Ne1 Ke7 17. Nd3 Rhb8 18. b3 Rd8 19. Nc5 Rd6 20. Rd1 Bg4 21. Rxd6 Kxd6 22. Kd2 Bh5 23. Na4 Rb4 24. Rd3+ Ke7 25. Nc5 Be8 26. c4 a5 27. Kc3 h5 28. g3 g5 29. h4 Rb8 30. Rd2 g4 31. Rd1 Rc8 32. Kb2 Rd8 33. Rxd8 Kxd8 34. Nb7+ Kc7 35. Nxa5 c5 36. a3 Bg6 37. b4 Bxe4 38. Kc3 f5 39. Kd2 Bg2 40. Ke2 Bf3+ 41. Kd2 Bg2 42. Ke2 Bf3+ 43. Kd2 1/2-1/2

[Event "2BLN 2324 SK Zehlendorf - Hamburger SK I"]
[Site "?"]
[Date "2023.10.22"]
[Round "2.3"]
[White "Souleidis, Georgios"]
[Black "Sawlin, Leonid"]
[Result "0-1"]
[WhiteElo "2419"]
[BlackElo "2403"]
[PlyCount "74"]
[EventDate "2023.??.??"]

1. e4 e6 2. d4 d5 3. Nc3 Nf6 4. Bg5 dxe4 5. Nxe4 Nbd7 6. Nf3 h6 7. Nxf6+ Nxf6 8. Bxf6 Qxf6 9. Bb5+ c6 10. Bd3 Bd6 11. Qe2 b6 12. O-O Bb7 13. Rfe1 O-O 14. Qe4 Rfd8 15. Ne5 Rab8 16. Qh7+ Kf8 17. Bc4 Bxe5 18. Rxe5 Rbc8 19. Qe4 Rc7 20. c3 c5 21. d5 exd5 22. Bxd5 Re7 23. Rxe7 Bxd5 24. Re8+ Rxe8 25. Qxd5 Rd8 26. Qe4 Rd2 27. Qa8+ Qd8 28. Qxd8+ Rxd8 29. g3 g5 30. a4 c4 31. a5 b5 32. a6 Rd2 33. Rb1 Rc2 34. Kf1 Kg7 35. h3 Kf6 36. Kg2 Ke5 37. Kf3 f5 0-1

[Event "2BLN 2324 SK Zehlendorf - Hamburger SK I"]
[Site "?"]
[Date "2023.10.22"]
[Round "2.4"]
[White "Brodowski, Piotr"]
[Black "Colpe, Malte"]
[Result "1/2-1/2"]
[WhiteElo "2447"]
[BlackElo "2386"]
[PlyCount "43"]
[EventDate "2023.??.??"]

1. d4 Nf6 2. c4 e6 3. Nf3 d5 4. Nc3 c5 5. cxd5 Nxd5 6. e4 Nxc3 7. bxc3 cxd4 8. cxd4 Bb4+ 9. Bd2 Bxd2+ 10. Qxd2 O-O 11. h4 b6 12. Rd1 Bb7 13. Bd3 Nd7 14. O-O Rc8 15. Rfe1 h6 16. Bb1 Re8 17. Qd3 Qc7 18. d5 Ne5 19. Nxe5 Qxe5 20. Qa3 exd5 21. Qxa7 Ba8 22. Qxb6 1/2-1/2

[Event "2BLN 2324 SK Zehlendorf - Hamburger SK I"]
[Site "?"]
[Date "2023.10.22"]
[Round "2.5"]
[White "Woelk, Tom-Frederic"]
[Black "Stachowiak, Kamil"]
[Result "1/2-1/2"]
[WhiteElo "2361"]
[BlackElo "2439"]
[PlyCount "51"]
[EventDate "2023.??.??"]

1. d4 Nf6 2. c4 e6 3. Nc3 d5 4. cxd5 exd5 5. Bg5 c6 6. e3 Be7 7. Bd3 O-O 8. Qc2 Nbd7 9. Nf3 Re8 10. h3 Nf8 11. O-O-O Be6 12. Kb1 a6 13. Ne5 c5 14. f4 c4 15. Be2 b5 16. Nc6 Qd7 17. Nxe7+ Qxe7 18. Bf3 Qd7 19. Bxf6 b4 20. Bh4 bxc3 21. Qxc3 Bf5+ 22. Ka1 a5 23. g4 Bd3 24. Rhe1 a4 25. Rd2 Be4 26. Bxe4 1/2-1/2

[Event "2BLN 2324 SK Zehlendorf - Hamburger SK I"]
[Site "?"]
[Date "2023.10.22"]
[Round "2.6"]
[White "Luch, Michal"]
[Black "Garner, Isaac"]
[Result "1/2-1/2"]
[WhiteElo "2333"]
[BlackElo "2309"]
[PlyCount "37"]
[EventDate "2023.??.??"]

1. c4 Nf6 2. Nc3 e5 3. g3 Bb4 4. Bg2 O-O 5. e4 Bxc3 6. bxc3 c6 7. Ba3 Re8 8. Qb3 d5 9. cxd5 cxd5 10. exd5 e4 11. c4 b5 12. Qxb5 Ba6 13. Qa4 Nfd7 14. c5 Ne5 15. Ne2 Nf3+ 16. Kd1 Bxe2+ 17. Kxe2 Nc6 18. d6 Ncd4+ 19. Kd1 1/2-1/2

[Event "2BLN 2324 SK Zehlendorf - Hamburger SK I"]
[Site "?"]
[Date "2023.10.22"]
[Round "2.7"]
[White "Bracker, Frank"]
[Black "Lagunow, Alexander"]
[Result "1/2-1/2"]
[WhiteElo "2299"]
[BlackElo "2351"]
[PlyCount "51"]
[EventDate "2023.??.??"]

1. Nf3 Nf6 2. c4 e6 3. g3 d5 4. Bg2 dxc4 5. Qa4+ Nbd7 6. Qxc4 c5 7. d3 b6 8. Ng5 Rb8 9. Bf4 b5 10. Qb3 Rb6 11. Nc3 h6 12. Nf3 a6 13. O-O Bb7 14. a4 Nd5 15. Nxd5 Bxd5 16. Qc2 b4 17. e4 Bb7 18. b3 Bd6 19. Be3 O-O 20. Rfd1 Rc6 21. Rac1 Ne5 22. Nxe5 Bxe5 23. f4 Bc3 24. e5 Qd7 25. Qf2 Rfc8 26. h4 1/2-1/2

[Event "2BLN 2324 SK Zehlendorf - Hamburger SK I"]
[Site "?"]
[Date "2023.10.22"]
[Round "2.8"]
[White "Klenburg, Michael"]
[Black "Lubbe, Melanie"]
[Result "1-0"]
[WhiteElo "2329"]
[BlackElo "2273"]
[PlyCount "75"]
[EventDate "2023.??.??"]

1. g3 g6 2. Bg2 Bg7 3. e4 d6 4. d4 e5 5. dxe5 dxe5 6. Qxd8+ Kxd8 7. Nc3 c6 8. f4 Nd7 9. Nf3 f6 10. O-O Nh6 11. Bd2 Nf7 12. h4 h5 13. Rad1 Ke7 14. Bc1 Re8 15. Nd2 exf4 16. gxf4 Kf8 17. Nc4 Nc5 18. b4 Na6 19. a3 Bg4 20. Bf3 Bxf3 21. Rxf3 Rad8 22. Rxd8 Rxd8 23. Na5 Rd7 24. Be3 Nd6 25. Bxa7 Re7 26. Bf2 Nxe4 27. Nxe4 Rxe4 28. Nxb7 Nc7 29. Na5 Nd5 30. Nxc6 Nxf4 31. b5 Nd5 32. Rd3 Nf4 33. Rd8+ Kf7 34. b6 Nh3+ 35. Kf1 Bh6 36. Bg3 Bf4 37. Bxf4 Nxf4 38. b7 1-0

[Event "2BLN 2324 SC Rotation Pankow - FC St. Pa"]
[Site "?"]
[Date "2023.10.22"]
[Round "2.1"]
[White "Socko, Bartosz"]
[Black "Glek, Igor"]
[Result "1/2-1/2"]
[WhiteElo "2544"]
[BlackElo "2429"]
[PlyCount "89"]
[EventDate "2023.??.??"]

1. d4 f5 2. g3 Nf6 3. Bg2 d6 4. c4 g6 5. Nh3 Bg7 6. d5 Nbd7 7. Nf4 Ne5 8. h4 c6 9. h5 Bd7 10. Qb3 Qa5+ 11. Nc3 Ne4 12. Bxe4 fxe4 13. hxg6 Nxg6 14. Qxb7 Bxc3+ 15. Kf1 Qb6 16. Qxb6 axb6 17. bxc3 Nxf4 18. Bxf4 c5 19. Kg2 b5 20. cxb5 Bxb5 21. f3 Bxe2 22. fxe4 Ra4 23. Rhe1 Rxe4 24. Kf2 Bd3 25. Rxe4 Bxe4 26. Re1 Bxd5 27. Bxd6 O-O+ 28. Bf4 e6 29. a4 Rf5 30. a5 e5 31. Rxe5 Rxe5 32. Bxe5 Kf7 33. Bd6 c4 34. Ke3 Ke6 35. Bb4 Kd7 36. Kd4 Kc6 37. a6 Be6 38. Ba5 Bc8 39. a7 Kb7 40. Bb6 Be6 41. Bc5 Bf7 42. Ke5 Ka8 43. Kf6 Bg6 44. Ke5 Bd3 45. Kd4 1/2-1/2

[Event "2BLN 2324 SC Rotation Pankow - FC St. Pa"]
[Site "?"]
[Date "2023.10.22"]
[Round "2.2"]
[White "Szelag, Marcin"]
[Black "Janik, Igor"]
[Result "0-1"]
[WhiteElo "2405"]
[BlackElo "2503"]
[PlyCount "74"]
[EventDate "2023.??.??"]

1. e4 c6 2. d4 d5 3. e5 c5 4. dxc5 e6 5. Bd3 Nd7 6. Nf3 Nxc5 7. Be2 Ne7 8. c4 Bd7 9. Nc3 dxc4 10. Bxc4 Bc6 11. O-O a6 12. Nd4 Qc7 13. Qe2 Ng6 14. Nxc6 Qxc6 15. f4 Be7 16. Be3 O-O 17. Rac1 b5 18. Bd3 Nxd3 19. Qxd3 Rfd8 20. Qe4 Qe8 21. Rfd1 Rdc8 22. Ne2 Bf8 23. Rxc8 Rxc8 24. Rc1 Rxc1+ 25. Bxc1 Qc8 26. Bd2 Ne7 27. Nc3 h5 28. a4 Qd7 29. Be1 Nf5 30. axb5 axb5 31. g3 b4 32. Nb1 Qd1 33. Kg2 Bc5 34. Bf2 Bxf2 35. Kxf2 h4 36. gxh4 Nxh4 37. Qe1 Qf3+ 0-1

[Event "2BLN 2324 SC Rotation Pankow - FC St. Pa"]
[Site "?"]
[Date "2023.10.22"]
[Round "2.3"]
[White "Feuerstack, Aljoscha"]
[Black "Tomczak, Rafal"]
[Result "1-0"]
[WhiteElo "2464"]
[BlackElo "2314"]
[PlyCount "107"]
[EventDate "2023.??.??"]

1. e4 g6 2. d4 Bg7 3. Nc3 d6 4. Bg5 h6 5. Be3 c6 6. Qd2 Nf6 7. f3 Nbd7 8. g4 Qc7 9. h4 Nb6 10. Nh3 Be6 11. g5 Nh5 12. gxh6 Bf6 13. Qf2 Nc4 14. Bxc4 Bxc4 15. O-O-O O-O-O 16. Bg5 Kb8 17. f4 e6 18. b3 Ba6 19. e5 Be7 20. Ne4 d5 21. Nc5 Rde8 22. Qe3 Bf8 23. f5 Bxc5 24. dxc5 exf5 25. Nf4 f6 26. Nxg6 Rhg8 27. Qf3 Rxg6 28. Qxh5 Qxe5 29. Kb1 Rgg8 30. Rde1 Be2 31. Rxe2 Qxe2 32. Qxe2 Rxe2 33. Bxf6 Ree8 34. Bg7 Kc8 35. Rg1 Rh8 36. Bxh8 Rxh8 37. Rg6 a6 38. Kc1 Kd7 39. Kd2 Ke7 40. Ke3 Kf7 41. h5 d4+ 42. Kf4 Rd8 43. Rd6 Re8 44. Rg6 Rd8 45. Kg5 f4 46. Rf6+ Kg8 47. Kg6 Kh8 48. h7 a5 49. Rxf4 a4 50. bxa4 Re8 51. Rf6 Rd8 52. Kh6 b6 53. cxb6 c5 54. Rg6 1-0

[Event "2BLN 2324 SC Rotation Pankow - FC St. Pa"]
[Site "?"]
[Date "2023.10.22"]
[Round "2.4"]
[White "Dauth, Benjamin"]
[Black "Krause, Benedict"]
[Result "0-1"]
[WhiteElo "2211"]
[BlackElo "2391"]
[PlyCount "116"]
[EventDate "2023.??.??"]

1. e4 c5 2. Nf3 e6 3. d4 cxd4 4. Nxd4 Nf6 5. Bd3 Nc6 6. Nxc6 bxc6 7. O-O d5 8. exd5 cxd5 9. c4 Bb7 10. Qa4+ Qd7 11. Qxd7+ Kxd7 12. cxd5 Nxd5 13. Bd2 Bd6 14. Nc3 Rhc8 15. Nxd5 Bxd5 16. Ba6 Rcb8 17. Bc3 Rb6 18. Bd3 a5 19. Rfd1 Ke7 20. a4 Bb4 21. Bb5 Rc8 22. Rac1 Bxc3 23. Rxc3 Rxc3 24. bxc3 Rd6 25. c4 Be4 26. Rc1 Rd2 27. f3 Bc2 28. c5 Kd8 29. Ra1 Bb3 30. Rb1 Ba2 31. Rc1 Bd5 32. h3 g5 33. Rc3 h5 34. Rc1 g4 35. hxg4 hxg4 36. Rc3 g3 37. Kf1 Rf2+ 38. Kg1 Ra2 39. Kf1 Kc7 40. Be8 f5 41. Rc1 f4 42. Bb5 Rf2+ 43. Kg1 Rb2 44. Kf1 Bc6 45. Bxc6 Kxc6 46. Re1 Rf2+ 47. Kg1 Ra2 48. Kf1 Rxa4 49. Rxe6+ Kxc5 50. Re5+ Kc4 51. Rf5 Ra1+ 52. Ke2 Ra2+ 53. Kf1 a4 54. Rf8 Rf2+ 55. Kg1 a3 56. Rxf4+ Kb3 57. Rf8 a2 58. Rb8+ Kc2 0-1